00850nam a2200241Ia 4500003000200000005001700002008004100019050003000060100003100090245006100121260009100182300002800273504004100301650003000342650001600372650003100388650002900419650004000448650002100488650003000509650003500539650003400574020250129094828.0190909s9999 xx 000 0 und d aPGS BF 575.A6b.V726 2019 aVillaruz, Carlos Miguel R. aVideo games and aggression /cCarlos Miguel R. Villaruz. aLas Piñas City, Philippines :bSouthville International School and Colleges,c2019.  a28 p. :bill. ;c28 cm. aIncludes bibliographical references. aVideo games and children. aAggression. aAggression in adolescents. aViolence in video games. aVideo gamesvPsychological aspects. aYouthvViolence. aPsychology of aggression. aSocial aspects of video games. aViolent video gamesvEffects.